New Methods in Viticulture (Record no. 2037)

000 -LEADER
fixed length control field 00533nam a22002057a 4500
003 - CONTROL NUMBER IDENTIFIER
control field OSt
005 - DATE AND TIME OF LATEST TRANSACTION
control field 20210414105155.0
008 - FIXED-LENGTH DATA ELEMENTS--GENERAL INFORMATION
fixed length control field 210307s2002 ||||| |||| 00| 0 eng d
020 ## - INTERNATIONAL STANDARD BOOK NUMBER
International Standard Book Number 9992804394
040 ## - CATALOGING SOURCE
Original cataloging agency eng
Language of cataloging eng
Transcribing agency DLC
041 ## - LANGUAGE CODE
Language code of text/sound track or separate title eng
080 ## - UNIVERSAL DECIMAL CLASSIFICATION NUMBER
Universal Decimal Classification number 663.2
Item number K-97
100 ## - MAIN ENTRY--PERSONAL NAME
9 (RLIN) 1300
Personal name Kvlividze, Tamaz
245 ## - TITLE STATEMENT
Title New Methods in Viticulture
Statement of responsibility, etc. / by: Print House
260 ## - PUBLICATION, DISTRIBUTION, ETC.
Place of publication, distribution, etc. Tbilisi
Name of publisher, distributor, etc. Print House
Date of publication, distribution, etc. 2002
300 ## - PHYSICAL DESCRIPTION
Extent 143 p.
Other physical details ill.
650 #0 - SUBJECT ADDED ENTRY--TOPICAL TERM
9 (RLIN) 729
Topical term or geographic name entry element Wine Making
653 ## - INDEX TERM--UNCONTROLLED
Uncontrolled term მეღვინეობა
942 ## - ADDED ENTRY ELEMENTS (KOHA)
Source of classification or shelving scheme
Koha item type Books
Holdings
Withdrawn status Lost status Source of classification or shelving scheme Damaged status Not for loan Permanent location Current location Date acquired Inventory number Total Checkouts Full call number Barcode Date last seen Price effective from Koha item type
          Ken Walker International University Ken Walker International University 03/07/2021 1839   663.2 K-97 1839 03/07/2021 03/07/2021 Books

Powered by Koha